000 00576nam a2200193Ia 4500
005 20230324112408.0
008 131103s9999 xx 000 0 und d
020 _a81-7201-110-5
_cRs.70
040 _aLoreto College
041 _aEnglish
082 _a891.443
_bBAN
245 _aBangla Galpa-sankalan
_cEdited by Asit kumar Bandopadhaya & ajit kumar Ghosh
260 _aNew Delhi
_bSahitya Akademi
_c1991
300 _av.1
650 _aBengali short stories - Collection
700 _aBandopadhaya, Asit kumar & Ghosh, Ajitkumar ed.
850 _aLCLIB
942 _cBK
999 _c21396
_d71875